|
|
|
|
| LEADER |
00000cam a22000004a 4500 |
| 001 |
musev2_53458 |
| 003 |
MdBmJHUP |
| 005 |
20230905045651.0 |
| 006 |
m o d |
| 007 |
cr||||||||nn|n |
| 008 |
100421s2010 sp o 00 0 spa d |
| 010 |
|
|
|z 2010424748
|
| 020 |
|
|
|a 9788436259933
|
| 020 |
|
|
|z 9788436260434
|
| 040 |
|
|
|a MdBmJHUP
|c MdBmJHUP
|
| 041 |
0 |
|
|a spa
|a eng
|
| 050 |
0 |
4 |
|a DG262
|b .J84 2010
|
| 245 |
0 |
0 |
|a Julio César: textos, contextos y recepción. De la roma clásica al mundo actual /
|c Antonio Moreno Hernández (coordinador).
|
| 250 |
|
|
|a 1a ed.
|
| 264 |
|
1 |
|a Madrid :
|b Universidad Nacional de Educación a Distancia,
|c 2010.
|
| 264 |
|
3 |
|a Baltimore, Md. :
|b Project MUSE,
|c 0000
|
| 264 |
|
4 |
|c ©2010.
|
| 300 |
|
|
|a 1 online resource.
|
| 336 |
|
|
|a text
|b txt
|2 rdacontent
|
| 337 |
|
|
|a computer
|b c
|2 rdamedia
|
| 338 |
|
|
|a online resource
|b cr
|2 rdacarrier
|
| 500 |
|
|
|a Papers from a congress held in Madrid, in Nov. 19-21, 2008.
|
| 504 |
|
|
|a Includes bibliographical references.
|
| 546 |
|
|
|a Spanish and English.
|
| 588 |
|
|
|a Description based on print version record.
|
| 600 |
1 |
0 |
|a Caesar, Julius
|x Influence
|v Congresses.
|
| 600 |
1 |
0 |
|a Caesar, Julius
|x In literature
|v Congresses.
|
| 600 |
1 |
0 |
|a Caesar, Julius
|v Congresses.
|
| 655 |
|
7 |
|a Electronic books.
|2 local
|
| 700 |
1 |
|
|a Moreno Hernández, Antonio.
|
| 710 |
2 |
|
|a Project Muse.
|e distributor
|
| 830 |
|
0 |
|a Book collections on Project MUSE.
|
| 856 |
4 |
0 |
|z Texto completo
|u https://projectmuse.uam.elogim.com/book/53458/
|
| 945 |
|
|
|a Project MUSE - Custom Collection
|